| 000 | 01055nam a2200217Ia 4500 | ||
|---|---|---|---|
| 003 | Ost | ||
| 005 | 20260507074936.0 | ||
| 008 | 260507s9999||||xx |||||||||||||| ||und|| | ||
| 040 | _cfsecg | ||
| 041 | _aara | ||
| 082 | _a332.4 | ||
| 100 |
_aجلدة، بطرس سامر _eمؤلف |
||
| 245 | 0 |
_aالنقود والبنوك / _c بطرس سامر جلدة |
|
| 260 |
_aعمان: _bدار البداية, _c2007 |
||
| 300 |
_a171 صفحة؛ _bإيضاحات ؛ _c24 سم |
||
| 504 | _aبيبليوغرافيا ص. 161 | ||
| 520 | _aيحتوي الكتاب على المحاور التاليةك طبيعة النقود ووظائفها،أنواع النقود،النظم النقدية؛الإصدار النقدي،النظرية النقدية الكلاسيكية، النظرية النقدية الحديثة،البنوك التجارية،البنوك المركزية،أدوات السياسة النقدية،مستجدات العمل المصرفي،التضخم. | ||
| 653 | _aبنوك | ||
| 653 | _aنقود | ||
| 942 | _cكتاب | ||
| 999 |
_c41887 _d41887 |
||